LEADER 01158nam a2200241 a 4500 001 991001661169707536 008 120405s2010 it 000 0 ita d 035 $ab1404951x-39ule_inst 040 $aDip.to Studi Giuridici$bita 082 0 $a342.45 100 1 $aTondi Della Mura, Vincenzo$0252331 245 10$aDelle riforme vere, utili e possibili. Prime note metodologiche sui fattori di condizionamento delle riforme /$cVincenzo Tondi Della Mura 260 $a[Soveria Mannelli] :$bRubbettino,$cstampa 2010 300 $a693-729 p. ;$c21 cm. 440 0$aCollana Scientifica.$pStudi Giuridici / Università degli Studi di Salerno 500 $aEstr. da : Scritti in memoria di Fulvio Fenucci, Tomo 1. 787 $tScritti in memoria di Fulvio Fenucci 907 $a.b1404951x$b02-04-14$c05-04-12 912 $a991001661169707536 945 $aLE027 342.45 TON01.04$g1$i2027000320509$lle027$og$pE6.00$q-$rl$s- $t0$u0$v0$w0$x0$y.i15427572$z26-06-12 996 $aDelle riforme vere, utili e possibili. Prime note metodologiche sui fattori di condizionamento delle riforme$9238365 997 $aUNISALENTO 998 $ale027$b05-04-12$cm$da $e-$fita$git $h0$i0 LEADER 01401nam2 2200325 i 450 001 URB0355422 005 20251003044433.0 010 $a8814096082 020 $aIT$b2004-3823 100 $a20050715d2002 ||||0itac50 ba 101 | $aita 102 $ait 181 1$6z01$ai $bxxxe 182 1$6z01$an 200 1 $aˆ5: ‰Diritto e procedura penale minorile$fa cura di Elisabetta Palermo Fabris, Adonella Presutti 210 $aMilano$cA. Giuffrè$d2002 215 $aX, 606 p.$d25 cm 461 1$1001URB0330485$12001 $aTrattato di diritto di famiglia$fdiretto da Paolo Zatti$v5 606 $aMinori $2FIR$3SBLC075665$9I 676 $a345.45087$9PROCEDURA PENALE PER I MINORI. UDIENZE, PROCESSI, SENTENZE FINALI. ITALIA$v21 702 1$aPalermo Fabris$b, Elisabetta$3BVEV045663 702 1$aPresutti$b, Adonella$3CFIV010338 790 1$aPalermo$b, Elisabetta$3SBNV110902$zPalermo Fabris, Elisabetta 801 3$aIT$bIT-000000$c20050715 850 $aIT-BN0095 $aIT-NA0070 912 $aURB0355422 950 2$aBiblioteca Centralizzata di Ateneo$cv.1-7$d 01TRA 5 TRADDD$e 01C 0080014485 VMA (0005 v. 5 (Precedente collocazione: TRA (C) 346.45015 TRA ZAT 5)$fB $h20120717$i20120717 977 $a 01$a BU 996 $aDiritto e procedura penale minorile$9756080 997 $aUNISANNIO